000 00373 a2200169 4500
001 187616
020 _a978-85-359-1167-1
040 _cMagnum
100 _aHatoum, Milton
240 1 0 _aÓrfãos do eldorado
_lpor
245 1 0 _aÓrfãos do eldorado
300 _a107
362 0 _a2008
440 1 _aCompanhia das Letras
697 _aLITERATURA GERAL
942 _cBK
999 _c187616
_d187616